Countries With The Most Americans - Statistics

General Stats
  • This quiz has been taken 66 times
  • The average score is 13 of 15
Answer Stats
Hint Answer % Correct
273,000 Canada
100%
799,000 Mexico
100%
171,000 United Kingdom
100%
335,964,000 United States
98%
57,000 Spain
95%
62,000 France
92%
153,000 Germany
92%
54,000 Italy
90%
117,000 Australia
88%
58,000 Japan
88%
38,000 Ireland
85%
36,000 New Zealand
76%
7,000 Portugal
69%
68,000 South Korea
64%
77,000 Israel
49%
No matching quizzes found
Score Distribution
Percent of People with Each Score
Percentile by Number Answered
Your Score History
You have not taken this quiz